| 000 | 00575nam a2200217Ia 4500 | ||
|---|---|---|---|
| 005 | 20231101094516.0 | ||
| 008 | 131103s9999 xx 000 0 und d | ||
| 020 |
_a8121208823 _cRs.540.00 |
||
| 040 | _aLoreto College | ||
| 041 | _aEnglish | ||
| 082 |
_a320.954 _bENG |
||
| 100 | _aEngineer,Ashgar Ali | ||
| 245 |
_aMuslims and India _cAshgar Ali Engineer |
||
| 260 |
_aNew Delhi _bGyan Publishing House _c2006 |
||
| 300 | _a312p. | ||
| 504 | _aIncludes index | ||
| 650 | _aIndia-Politics | ||
| 651 | _aIndia-Religion and politics | ||
| 850 | _aLCLIB | ||
| 942 | _cBK | ||
| 999 |
_c38559 _d89038 |
||